Košice pod ochranou anjelov ? projekt má ambíciu podporiť metropolu východu v úsilí získať titul Európske hlavné mesto kultúry v roku 2013

Bibliographic Details
Main Author: Lehotský, Ľubomír (Author)
Format: Article
Language:Slovak
PhysicalDescription:Obr.
ISSN:1336-5320
Subjects:
Online Access:www.korzar.sk

MARC

LEADER 00000nab a2200000 a 4500
001 vtls009007766
003 SK-MaSNL
005 20260303065457.0
008 070717 2007 xo r r 000 0 slo
038 |a KEVKJB 
040 |a KEVKJB  |b slo  |c KEVKJB  |e AACR2 
041 0 |a slo 
044 |a xo  |c SK 
080 |a 73/75.091.8-053.2  |2 2001 
100 1 |a Lehotský, Ľubomír  |4 aut  |9 267807 
245 1 0 |a Košice pod ochranou anjelov ?  |b projekt má ambíciu podporiť metropolu východu v úsilí získať titul Európske hlavné mesto kultúry v roku 2013  |c Ľubomír Lehotský 
300 |b Obr. 
610 2 7 |a Európske hlavné mesto kultúry 2013  |2 kevkjb  |9 168570 
610 2 7 |a Pod ochranou anjelov (projekt)  |z Košice (Slovensko)  |2 kevkjb  |9 1065583 
650 0 7 |a projekty  |z Košice (Slovensko)  |2 kevkjb  |9 1046304 
651 7 |a Košice (Slovensko)  |2 kevkjb  |9 18694 
773 0 |t Košický večer  |g Roč. 18(39), č.28 (13.7.2007), s. 3  |x 1336-5320 
852 |a KEVKJB  |b KIS3GCP 
856 4 1 |u www.korzar.sk 
999 |c 1751328  |d 1753258